| 000 -LEADER |
| fixed length control field |
06972 a2200757 4500 |
| 003 - CONTROL NUMBER IDENTIFIER |
| control field |
Nust |
| 005 - DATE AND TIME OF LATEST TRANSACTION |
| control field |
20170207165829.0 |
| 020 ## - INTERNATIONAL STANDARD BOOK NUMBER |
| International Standard Book Number |
9780470530894 |
| 020 ## - INTERNATIONAL STANDARD BOOK NUMBER |
| International Standard Book Number |
9780470530894 |
| 035 ## - SYSTEM CONTROL NUMBER |
| System control number |
(AU-PeEL)EBL469497 |
| 035 ## - SYSTEM CONTROL NUMBER |
| System control number |
(EBZ)ebs794696e |
| 035 ## - SYSTEM CONTROL NUMBER |
| System control number |
(EBZ)ebs794696e |
| 035 ## - SYSTEM CONTROL NUMBER |
| System control number |
(EBZ)ebs794696e |
| 035 ## - SYSTEM CONTROL NUMBER |
| System control number |
(EBZ)ebs794696e |
| 035 ## - SYSTEM CONTROL NUMBER |
| System control number |
(EBZ)ebs794696e |
| 035 ## - SYSTEM CONTROL NUMBER |
| System control number |
(EBZ)ebs794696e |
| 035 ## - SYSTEM CONTROL NUMBER |
| System control number |
(EBZ)ebs794696e |
| 035 ## - SYSTEM CONTROL NUMBER |
| System control number |
(OCoLC)489139713 |
| 035 ## - SYSTEM CONTROL NUMBER |
| System control number |
(WaSeSS)ssj0000303852 |
| 035 ## - SYSTEM CONTROL NUMBER |
| System control number |
(WaSeSS)ssj0000303852 |
| 035 ## - SYSTEM CONTROL NUMBER |
| System control number |
(WaSeSS)ssj0000303852 |
| 035 ## - SYSTEM CONTROL NUMBER |
| System control number |
(WaSeSS)ssj0000303852 |
| 035 ## - SYSTEM CONTROL NUMBER |
| System control number |
(WaSeSS)ssj0000303852 |
| 035 ## - SYSTEM CONTROL NUMBER |
| System control number |
(WaSeSS)ssj0000303852 |
| 035 ## - SYSTEM CONTROL NUMBER |
| System control number |
(WaSeSS)ssj0000303852 |
| 035 ## - SYSTEM CONTROL NUMBER |
| System control number |
(WaSeSS)ssj0000303852 |
| 035 ## - SYSTEM CONTROL NUMBER |
| System control number |
(WaSeSS)ssj0000303852 |
| 040 ## - CATALOGING SOURCE |
| Transcribing agency |
Nust |
| 082 00 - DEWEY DECIMAL CLASSIFICATION NUMBER |
| Classification number |
332 |
| -- |
332 |
| 100 1# - MAIN ENTRY--PERSONAL NAME |
| Personal name |
Haslem, John A. |
| 245 10 - TITLE STATEMENT |
| Title |
Mutual Funds E-Book |
| Medium |
[Elektronisk resurs] : |
| Remainder of title |
Portfolio Structures, Analysis, Management, and Stewardship. |
| 260 ## - PUBLICATION, DISTRIBUTION, ETC. |
| Place of publication, distribution, etc. |
Hoboken : |
| Name of publisher, distributor, etc. |
John Wiley & Sons, Inc., |
| Date of publication, distribution, etc. |
2009. |
| 300 ## - PHYSICAL DESCRIPTION |
| Extent |
1 online resource (381 p.) |
| 500 ## - GENERAL NOTE |
| General note |
Description based upon print version of record. |
| 505 0# - FORMATTED CONTENTS NOTE |
| Formatted contents note |
Chapter 7: Efficient Markets and Mutual Fund Investing: The Advantages of Index FundsChapter 8: Asset Allocation: Design and Care of Portfolios; Chapter 9: The Morningstar Approach to Mutual Fund Analysis-Part I; Chapter 10: The Morningstar Approach to Mutual Fund Analysis-Part II; Chapter 11: Building a Portfolio of Mutual Funds: A Morningstar Approach; Chapter 12: Performance of Actively Managed versus Index Funds: The Vanguard Case; Chapter 13: Classic and Enhanced Index Funds: Performance and Issues; Chapter 14: Mutual Funds versus Exchange-Traded Funds |
| 505 0# - FORMATTED CONTENTS NOTE |
| Formatted contents note |
Mutual Funds: Portfolio Structures, Analysis, Management, and Stewardship; Contents; Introduction; Part I: Mutual Funds: Nature, Regulation, and Costs; Chapter 1: The Nature of Mutual Funds; Chapter 2: Mutual Fund Regulation and Issues; Chapter 3: The Economics of Mutual Funds; Chapter 4: Mutual Fund Fees and Expenses; Part II: The Realities and Analogies of Investing; Chapter 5: How Financial Markets Work; Chapter 6: Active versus Passive Investing; Part III: Fund Types and Comparative Performance, Efficient Markets, Asset Allocation, and Morningstar Analysis |
| 505 0# - FORMATTED CONTENTS NOTE |
| Formatted contents note |
Part IV: Mutual Funds at the CrossroadsChapter 15: The Challenge to Mutual Fund Stewardship; Chapter 16: Identifying Mutual Fund Stewardship; Chapter 17: Normative Transparency of Mutual Fund Disclosure; Chapter 18: A Design for the Mutual Funds of the Future; Index; |
| 520 ## - SUMMARY, ETC. |
| Summary, etc. |
An authoritative, must-read guide to making more informed decisions about mutual funds Providing a balance of theory and application, this authoritative book will enable you to evaluate the various performance and risk attributes of mutual funds. It covers a broad range of topics, including understanding the advantages and disadvantages of mutual funds, evaluating stock/bond allocations within fund portfolios, assessing fund diversification risk, measuring fund returns and risk, and making fund buy/sell decisions. While informative chapters combine clear summaries of existing research with p |
| 650 #4 - SUBJECT ADDED ENTRY--TOPICAL TERM |
| Topical term or geographic name entry element |
Investments. |
| 650 #4 - SUBJECT ADDED ENTRY--TOPICAL TERM |
| Topical term or geographic name entry element |
Mutual funds. |
| 655 #0 - INDEX TERM--GENRE/FORM |
| Genre/form data or focus term |
Electronic books. |
| 856 42 - ELECTRONIC LOCATION AND ACCESS |
| Materials specified |
Wiley InterScience |
| Uniform Resource Identifier |
<a href="http://dx.doi.org/10.1002/9781118266397">http://dx.doi.org/10.1002/9781118266397</a> |
| 856 42 - ELECTRONIC LOCATION AND ACCESS |
| Uniform Resource Identifier |
<a href="http://costello.pub.hb.se/login?url=http://site.ebrary.com/lib/boras/Top?id=10351934">http://costello.pub.hb.se/login?url=http://site.ebrary.com/lib/boras/Top?id=10351934</a> |
| 856 42 - ELECTRONIC LOCATION AND ACCESS |
| Uniform Resource Identifier |
<a href="http://db.ub.oru.se/login?url=http://site.ebrary.com/lib/universitetsbiblioteket/Top?id=10351934">http://db.ub.oru.se/login?url=http://site.ebrary.com/lib/universitetsbiblioteket/Top?id=10351934</a> |
| 856 42 - ELECTRONIC LOCATION AND ACCESS |
| Uniform Resource Identifier |
<a href="http://ep.bib.mdh.se/login?url=http://search.ebscohost.com/login.aspx?direct=true&scope=site&db=e000xww&AN=294492">http://ep.bib.mdh.se/login?url=http://search.ebscohost.com/login.aspx?direct=true&scope=site&db=e000xww&AN=294492</a> |
| 856 42 - ELECTRONIC LOCATION AND ACCESS |
| Uniform Resource Identifier |
<a href="http://ezproxy.bib.hh.se/login?url=http://site.ebrary.com/lib/halmstad/Top?id=10351934">http://ezproxy.bib.hh.se/login?url=http://site.ebrary.com/lib/halmstad/Top?id=10351934</a> |
| 856 42 - ELECTRONIC LOCATION AND ACCESS |
| Uniform Resource Identifier |
<a href="http://ezproxy.its.uu.se/login?url=http://site.ebrary.com/lib/uppsala/Top?id=10351934">http://ezproxy.its.uu.se/login?url=http://site.ebrary.com/lib/uppsala/Top?id=10351934</a> |
| 856 42 - ELECTRONIC LOCATION AND ACCESS |
| Uniform Resource Identifier |
<a href="http://link.sub.su.se/sfxsub?url_ver=Z39.88-2004&ctx_ver=Z39.88-2004&ctx_enc=info:ofi/enc:UTF-8&rfr_id=info:sid/sfxit.com:opac_856&url_ctx_fmt=info:ofi/fmt:kev:mtx:ctx&sfx.ignore_date_threshold=1&rft.object_id=1000000000807789&svc_val_fmt=info:ofi/fmt:kev:mtx:sch_svc&">http://link.sub.su.se/sfxsub?url_ver=Z39.88-2004&ctx_ver=Z39.88-2004&ctx_enc=info:ofi/enc:UTF-8&rfr_id=info:sid/sfxit.com:opac_856&url_ctx_fmt=info:ofi/fmt:kev:mtx:ctx&sfx.ignore_date_threshold=1&rft.object_id=1000000000807789&svc_val_fmt=info:ofi/fmt:kev:mtx:sch_svc&</a> |
| 856 42 - ELECTRONIC LOCATION AND ACCESS |
| Uniform Resource Identifier |
<a href="http://miman.bib.bth.se/login?url=http://site.ebrary.com/lib/bthbib/Top?id=10351934">http://miman.bib.bth.se/login?url=http://site.ebrary.com/lib/bthbib/Top?id=10351934</a> |
| 856 42 - ELECTRONIC LOCATION AND ACCESS |
| Uniform Resource Identifier |
<a href="http://proxy.lib.chalmers.se/login?url=http://library.books24x7.com/library.asp?^B&bookid=33680">http://proxy.lib.chalmers.se/login?url=http://library.books24x7.com/library.asp?^B&bookid=33680</a> |
| 856 42 - ELECTRONIC LOCATION AND ACCESS |
| Uniform Resource Identifier |
<a href="http://proxy.lib.chalmers.se/login?url=http://site.ebrary.com/lib/chalmers/Top?id=10351934">http://proxy.lib.chalmers.se/login?url=http://site.ebrary.com/lib/chalmers/Top?id=10351934</a> |
| 856 42 - ELECTRONIC LOCATION AND ACCESS |
| Uniform Resource Identifier |
<a href="http://proxy.lib.ltu.se/login?url=http://site.ebrary.com/lib/lulea/Top?channelName=lulea&cpage=1&docID=10351934">http://proxy.lib.ltu.se/login?url=http://site.ebrary.com/lib/lulea/Top?channelName=lulea&cpage=1&docID=10351934</a> |
| 856 42 - ELECTRONIC LOCATION AND ACCESS |
| Uniform Resource Identifier |
<a href="http://sfxeu10.hosted.exlibrisgroup.com/sfxkth?url_ver=Z39.88-2004&ctx_ver=Z39.88-2004&ctx_enc=info:ofi/enc:UTF-8&rfr_id=info:sid/sfxit.com:opac_856&url_ctx_fmt=info:ofi/fmt:kev:mtx:ctx&sfx.ignore_date_threshold=1&rft.object_id=1000000000807789&svc_val_fmt=info:ofi/fmt:kev:mtx:sch_svc&">http://sfxeu10.hosted.exlibrisgroup.com/sfxkth?url_ver=Z39.88-2004&ctx_ver=Z39.88-2004&ctx_enc=info:ofi/enc:UTF-8&rfr_id=info:sid/sfxit.com:opac_856&url_ctx_fmt=info:ofi/fmt:kev:mtx:ctx&sfx.ignore_date_threshold=1&rft.object_id=1000000000807789&svc_val_fmt=info:ofi/fmt:kev:mtx:sch_svc&</a> |
| 856 42 - ELECTRONIC LOCATION AND ACCESS |
| Uniform Resource Identifier |
<a href="http://sfxeu11.hosted.exlibrisgroup.com/mah?url_ver=Z39.88-2004&ctx_ver=Z39.88-2004&ctx_enc=info:ofi/enc:UTF-8&rfr_id=info:sid/sfxit.com:opac_856&url_ctx_fmt=info:ofi/fmt:kev:mtx:ctx&sfx.ignore_date_threshold=1&rft.object_id=1000000000807789&svc_val_fmt=info:ofi/fmt:kev:mtx:sch_svc&">http://sfxeu11.hosted.exlibrisgroup.com/mah?url_ver=Z39.88-2004&ctx_ver=Z39.88-2004&ctx_enc=info:ofi/enc:UTF-8&rfr_id=info:sid/sfxit.com:opac_856&url_ctx_fmt=info:ofi/fmt:kev:mtx:ctx&sfx.ignore_date_threshold=1&rft.object_id=1000000000807789&svc_val_fmt=info:ofi/fmt:kev:mtx:sch_svc&</a> |
| 856 42 - ELECTRONIC LOCATION AND ACCESS |
| Uniform Resource Identifier |
<a href="http://sfxeu11.hosted.exlibrisgroup.com/sfxslub?url_ver=Z39.88-2004&ctx_ver=Z39.88-2004&ctx_enc=info:ofi/enc:UTF-8&rfr_id=info:sid/sfxit.com:opac_856&url_ctx_fmt=info:ofi/fmt:kev:mtx:ctx&sfx.ignore_date_threshold=1&rft.object_id=1000000000807789&svc_val_fmt=info:ofi/fmt:kev:mtx:sch_svc&">http://sfxeu11.hosted.exlibrisgroup.com/sfxslub?url_ver=Z39.88-2004&ctx_ver=Z39.88-2004&ctx_enc=info:ofi/enc:UTF-8&rfr_id=info:sid/sfxit.com:opac_856&url_ctx_fmt=info:ofi/fmt:kev:mtx:ctx&sfx.ignore_date_threshold=1&rft.object_id=1000000000807789&svc_val_fmt=info:ofi/fmt:kev:mtx:sch_svc&</a> |
| 856 42 - ELECTRONIC LOCATION AND ACCESS |
| Uniform Resource Identifier |
<a href="http://sfxeu11.hosted.exlibrisgroup.com/sfxumub?url_ver=Z39.88-2004&ctx_ver=Z39.88-2004&ctx_enc=info:ofi/enc:UTF-8&rfr_id=info:sid/sfxit.com:opac_856&url_ctx_fmt=info:ofi/fmt:kev:mtx:ctx&sfx.ignore_date_threshold=1&rft.object_id=1000000000807789&svc_val_fmt=info:ofi/fmt:kev:mtx:sch_svc&">http://sfxeu11.hosted.exlibrisgroup.com/sfxumub?url_ver=Z39.88-2004&ctx_ver=Z39.88-2004&ctx_enc=info:ofi/enc:UTF-8&rfr_id=info:sid/sfxit.com:opac_856&url_ctx_fmt=info:ofi/fmt:kev:mtx:ctx&sfx.ignore_date_threshold=1&rft.object_id=1000000000807789&svc_val_fmt=info:ofi/fmt:kev:mtx:sch_svc&</a> |
| 856 42 - ELECTRONIC LOCATION AND ACCESS |
| Uniform Resource Identifier |
<a href="http://site.ebrary.com/lib/hhss/Top?channelName=hhss&cpage=1&docID=10351934">http://site.ebrary.com/lib/hhss/Top?channelName=hhss&cpage=1&docID=10351934</a> |
| 856 42 - ELECTRONIC LOCATION AND ACCESS |
| Uniform Resource Identifier |
<a href="http://site.ebrary.com/lib/prvbib/Top?channelName=prvbib&cpage=1&docID=10351934">http://site.ebrary.com/lib/prvbib/Top?channelName=prvbib&cpage=1&docID=10351934</a> |
| 856 42 - ELECTRONIC LOCATION AND ACCESS |
| Uniform Resource Identifier |
<a href="http://webproxy.student.hig.se:2048/login?url=http://search.ebscohost.com/login.aspx?direct=true&scope=site&db=nlebk&db=nlabk&AN=294492">http://webproxy.student.hig.se:2048/login?url=http://search.ebscohost.com/login.aspx?direct=true&scope=site&db=nlebk&db=nlabk&AN=294492</a> |
| 856 42 - ELECTRONIC LOCATION AND ACCESS |
| Uniform Resource Identifier |
<a href="http://www.du.se/proxy.aspx?url=http://site.ebrary.com/lib/dalarna/Top?id=10351934">http://www.du.se/proxy.aspx?url=http://site.ebrary.com/lib/dalarna/Top?id=10351934</a> |
| 856 42 - ELECTRONIC LOCATION AND ACCESS |
| Uniform Resource Identifier |
<a href="https://ezproxy.hkr.se/login?url=http://site.ebrary.com/lib/kristianstad/Top?id=10351934">https://ezproxy.hkr.se/login?url=http://site.ebrary.com/lib/kristianstad/Top?id=10351934</a> |
| 856 42 - ELECTRONIC LOCATION AND ACCESS |
| Uniform Resource Identifier |
<a href="https://login.bibproxy.kau.se:8443/login?url=http://site.ebrary.com/lib/kaubib/Top?channelName=kaubib&cpage=1&docID=10351934">https://login.bibproxy.kau.se:8443/login?url=http://site.ebrary.com/lib/kaubib/Top?channelName=kaubib&cpage=1&docID=10351934</a> |
| 856 42 - ELECTRONIC LOCATION AND ACCESS |
| Uniform Resource Identifier |
<a href="https://login.e.bibl.liu.se/login?url=http://site.ebrary.com/lib/linkoping/Top?channelName=linkoping&cpage=1&docID=10351934">https://login.e.bibl.liu.se/login?url=http://site.ebrary.com/lib/linkoping/Top?channelName=linkoping&cpage=1&docID=10351934</a> |
| 856 42 - ELECTRONIC LOCATION AND ACCESS |
| Uniform Resource Identifier |
<a href="https://login.e.bibl.liu.se/login?url=http://www.books24x7.com/marc.asp?bookid=33680">https://login.e.bibl.liu.se/login?url=http://www.books24x7.com/marc.asp?bookid=33680</a> |
| 856 42 - ELECTRONIC LOCATION AND ACCESS |
| Uniform Resource Identifier |
<a href="https://login.proxy.annalindhbiblioteket.se/login?url=http://search.ebscohost.com/login.aspx?direct=true&scope=site&db=e000xww&AN=294492">https://login.proxy.annalindhbiblioteket.se/login?url=http://search.ebscohost.com/login.aspx?direct=true&scope=site&db=e000xww&AN=294492</a> |
| 942 ## - ADDED ENTRY ELEMENTS (KOHA) |
| Source of classification or shelving scheme |
|
| Koha item type |
Book |